Culture Générale - Série 140 - Statistiques

Statistiques générales
  • Ce quiz a été pris 441 fois
  • Le résultat moyen est 4 sur 10
Statistiques - réponses
Question Réponse % Correct
Quelle est la capitale du Canada ? Ottawa
94%
Quel adjectif qualifie un triangle dont les trois côtés sont égaux ? Equilatéral
91%
Dans la BD, quelle est la couleur de la robe de Bécassine ? Verte
90%
Dans quel département se situe l'île de Noirmoutier ? Vendée
58%
En 1988, quel chanteur africain chante "Asimbonanga" en duo avec Savuka ? Johnny Clegg
33%
Comment se prénomme la femme de Bobby dans "Dallas" ? Pamela
22%
En 1962, quel chanteur court après "une petite fille en pleurs" ? Claude Nougaro
18%
Qui est la partenaire principale de James Dean dans "La Fureur de vivre" ? Natalie Wood
16%
Quelle commune de Saône-et-Loire donne son nom à un raisin blanc ? Chasselas
14%
Quel est le prénom de l'héroïne de "La Bicyclette bleue" de Régine Deforges ? Léa
10%
Aucun quiz correspondant
Distribution des résultats
% des personnes avec chaque résultat
Percentile par nombre de réponses
Votre historique - résultats
Vous n’avez pas pris ce quiz